000 00438nam a2200193Ia 4500
003 OSt
005 20231129153501.0
008 210210b1913 xxu||||| |||| 00| 0 eng d
040 _cAL
041 _aeng
082 _a821/107
100 _aBYRON
_9143783
245 _aPoetry
260 _aLondon
_bMacmillan & Co. Ltd.
_c1913
650 _aPoetry
_9143784
690 _aEnglish Poetry
_9143785
906 _a011276
942 _2ddc
_cBK
999 _c129944
_d129944